Online
Catalog

El papel de los partidos políticos en la construcción de la transparencia en la administración pública / (Record no. 13423)

MARC details
000 -CABECERA
campo de control de longitud fija 01322nam a2200289 a 4500
001 - NÚMERO DE CONTROL
campo de control 000013811
005 - FECHA Y HORA DE LA ÚLTIMA TRANSACCIÓN
campo de control 20260527074041.0
008 - DATOS DE LONGITUD FIJA--INFORMACIÓN GENERAL
campo de control de longitud fija 091130s2008 dr a r 000 0 spa d
020 ## - NÚMERO INTERNACIONAL ESTÁNDAR DEL LIBRO
Número Internacional Estándar del Libro 9789945865141
040 ## - FUENTE DE LA CATALOGACIÓN
Centro catalogador/agencia de origen DO-SdBNP
Lengua de catalogación spa
Centro/agencia transcriptor BNPHU
082 ## - NÚMERO DE LA CLASIFICACIÓN DECIMAL DEWEY
Número de clasificación 324.27293
Número de documento/Ítem T266p
100 1# - ENTRADA PRINCIPAL--NOMBRE DE PERSONA
Nombre de persona Tejada Holguín, Ramón,
Fechas asociadas al nombre 1961-
9 (RLIN) 29856
245 13 - MENCIÓN DE TÍTULO
Título El papel de los partidos políticos en la construcción de la transparencia en la administración pública /
Mención de responsabilidad, etc. Ramón Tejada Holguín.
260 ## - PUBLICACIÓN, DISTRIBUCIÓN, ETC.
Lugar de publicación, distribución, etc. Santo Domingo :
Nombre del editor, distribuidor, etc. FLACSO :
-- CONARE ,
Fecha de publicación, distribución, etc. [2008].
300 ## - DESCRIPCIÓN FÍSICA
Extensión 46 p. :
Otras características físicas il. ;
Dimensiones 22 cm.
490 1# - MENCIÓN DE SERIE
Mención de serie Reforma y Modernización del Sistema Político Dominicano
500 ## - NOTA GENERAL
Nota general A la cabeza de la portada : Segundo desayuno-panel Facultad Latinoamericana de Ciencias Sociales (FLACSO)
500 ## - NOTA GENERAL
Nota general Incluye referencias bibliográficas y notas al pie de las páginas
504 ## - NOTA DE BIBLIOGRAFÍA, ETC.
Nota de bibliografía, etc. Bibliografía : p. 32-33
590 ## - NOTA LOCAL (RLIN)
Nota local Inventariado, 2019/MFF
650 #0 - PUNTO DE ACCESO ADICIONAL DE MATERIA--TÉRMINO DE MATERIA
Término de materia o nombre geográfico como elemento de entrada Partidos políticos
Subdivisión geográfica República Dominicana
9 (RLIN) 285
650 #0 - PUNTO DE ACCESO ADICIONAL DE MATERIA--TÉRMINO DE MATERIA
Término de materia o nombre geográfico como elemento de entrada Delitos de los funcionarios
9 (RLIN) 6080
710 22 - PUNTO DE ACCESO ADICIONAL--NOMBRE DE ENTIDAD CORPORATIVA
Nombre de entidad corporativa o nombre de jurisdicción como elemento de entrada Facultad Latinoamericana de Ciencias Sociales
9 (RLIN) 294
710 12 - PUNTO DE ACCESO ADICIONAL--NOMBRE DE ENTIDAD CORPORATIVA
Nombre de entidad corporativa o nombre de jurisdicción como elemento de entrada República Dominicana. Consejo Nacional de Reforma del Estado
9 (RLIN) 64396
830 #0 - PUNTO DE ACCESO ADICIONAL DE SERIE-TÍTULO UNIFORME
Título uniforme Reforma y Modernización del Sistema Político Dominicano
9 (RLIN) 31304
910 ## - DATOS DE OPCIÓN DEL USUARIO (OCLC)
Datos de opción del usuario Validado. Control de calidad. MFF
Holdings
Estado de retiro Estado de pérdida No para préstamo Código de colección Localización permanente Ubicación/localización actual Ubicación en estantería Fecha de adquisición Número de inventario Total de préstamos Signatura topográfica completa Código de barras Fecha visto por última vez Precio válido a partir de Tipo de ítem Koha Número de copia Restricciones de uso
      Patrimonio Dominicano General General Orden iniciada 13.03.2013 LF1   324.27293 T266p 13811-160 25.06.2020 25.06.2020 Libro y Folleto Colección Patrimonio Dominicano    
      Patrimonio Dominicano General General Orden iniciada 13.03.2013 LF1   324.27293 T266p 13811-170 25.06.2020 25.06.2020 Libro y Folleto Colección Patrimonio Dominicano    
    Excluido de préstamo Patrimonio Dominicano General General Depósito 30.11.2009 LF1   324.27293 T266p 13811-10 25.06.2020 25.06.2020 Libro y Folleto Colección Patrimonio Dominicano    
    Excluido de préstamo Patrimonio Dominicano General General Depósito 30.11.2009 LF1   324.27293 T266p 13811-20 25.06.2020 25.06.2020 Libro y Folleto Colección Patrimonio Dominicano e. 2  
      Dominicana de Servicio General General Depósito 14.06.2011 LF1   324.27293 T266p 13811-30 25.06.2020 25.06.2020 Libro y Folleto Colección Dominicana de Servicio e. 3  
      Dominicana de Servicio General General Depósito 14.06.2011 LF1   324.27293 T266p 13811-40 25.06.2020 25.06.2020 Libro y Folleto Colección Dominicana de Servicio e. 4  
      Dominicana de Servicio General General Depósito 14.06.2011 LF1   324.27293 T266p 13811-50 25.06.2020 25.06.2020 Libro y Folleto Colección Dominicana de Servicio e. 5  

Powered by Koha